Comparison of natural rubber with synthetic rubber on the basis of a new theory of elasticity and plasticity (Record no. 56009)

MARC details
000 -LEADER
fixed length control field 00472nam a2200133Ia 4500
100 ## - MAIN ENTRY--AUTHOR NAME
Personal name Furukawa J
245 #0 - TITLE STATEMENT
Title Comparison of natural rubber with synthetic rubber on the basis of a new theory of elasticity and plasticity
260 ## - PUBLICATION, DISTRIBUTION, ETC. (IMPRINT)
Name of publisher Proceedings of the International Rubber Conference, Kuala Lumpur. V.1, 1975; p107-121
650 ## - SUBJECT ADDED ENTRY--TOPICAL TERM
Topical Term Natural rubber
650 ## - SUBJECT ADDED ENTRY--TOPICAL TERM
Topical Term Raw rubber
650 ## - SUBJECT ADDED ENTRY--TOPICAL TERM
Topical Term Synthetic rubber
942 ## - ADDED ENTRY ELEMENTS (KOHA)
Koha item type Journals
Holdings
Withdrawn status Lost status Damaged status Not for loan Home library Current library Shelving location Date acquired Koha item type
      Journals RRII Library RRII Library Rubber chemistry 17/12/2021 Journals